000 00507nam a22001697a 4500
008 240830b |||||||| |||| 00| 0 eng d
020 _a9780809334582
082 _a070.1
100 _aRosenthal, Alan.
245 _aWriting, Directing, and Producing Documentary Films and Digital Videos
250 _a5th ed.
260 _aUnited States:
_bSouthern Illinois University Press,
_c1990.
300 _axiv, 419 p.;
_bill,
_c22.9 Cm.
700 _aEckhardt, Ned.
_eAuthor
942 _2ddc
999 _c9986
_d9987